Années 80: Personnages de V ou Dallas ? - Statistiques

Statistiques générales
  • Ce quiz a été pris 57 fois
  • Le résultat moyen est 32 sur 50
Statistiques - réponses
Hint Réponse % Correct
Cliff Barnes Dallas (1978 à 1991)
88%
Ellie Southworth Ewing Farlow Dallas (1978 à 1991)
85%
Jock, Bobby et J.R Ewing Dallas (1978 à 1991)
85%
Pamela Barnes Ewing Dallas (1978 à 1991)
85%
Gary et Valene Ewing Dallas (1978 à 1991)
83%
Sue Ellen Shepard Ewing Lockwood Dallas (1978 à 1991)
81%
Digger Barnes Dallas (1978 à 1991)
81%
Lucy Ewing Cooper Dallas (1978 à 1991)
79%
Clayton Farlow Dallas (1978 à 1991)
79%
Ray Krebbs Dallas (1978 à 1991)
77%
Donna Culver Krebbs Dallas (1978 à 1991)
75%
Tony Wah Chong Leonetti V (mini-série, 1983 + série 1984)
75%
Diana V (mini-série, 1983 + série 1984)
75%
Martin V (mini-série, 1983 + série 1984)
75%
Willie V (mini-série, 1983 + série 1984)
75%
Jordan Lee Dallas (1978 à 1991)
71%
Le commandant John V (mini-série, 1983 + série 1984)
71%
Jeremy Wendell Dallas (1978 à 1991)
69%
Dr. Ben, Caleb et Elias Taylor V (mini-série, 1983 + série 1984)
69%
Sancho Gomez V (mini-série, 1983 + série 1984)
69%
Père Andrew Doyle V (mini-série, 1983 + série 1984)
69%
Ham Tyler V (mini-série, 1983 + série 1984)
67%
Mandy Winger Dallas (1978 à 1991)
65%
Lydia V (mini-série, 1983 + série 1984)
65%
Nathan et Kyle Bates V (mini-série, 1983 + série 1984)
65%
Lieutenant James V (mini-série, 1983 + série 1984)
65%
Harv Smithfield Dallas (1978 à 1991)
63%
Mike Donovan V (mini-série, 1983 + série 1984)
63%
Julie Parrish V (mini-série, 1983 + série 1984)
63%
Kathleen, Robert et Robin Maxwell V (mini-série, 1983 + série 1984)
63%
Abraham, Stanley, Lynn et Daniel Bernstein V (mini-série, 1983 + série 1984)
63%
Sean Donovan V (mini-série, 1983 + série 1984)
63%
Brian V (mini-série, 1983 + série 1984)
63%
Carter McKay Dallas (1978 à 1991)
60%
Katherine Wentworth Dallas (1978 à 1991)
60%
Elizabeth V (mini-série, 1983 + série 1984)
60%
Arthur et Eleanor Dupres V (mini-série, 1983 + série 1984)
58%
Alan Beam Dallas (1978 à 1991)
56%
Ruby Engels V (mini-série, 1983 + série 1984)
56%
Steven V (mini-série, 1983 + série 1984)
54%
Harmony Moore V (mini-série, 1983 + série 1984)
52%
James Richard Beaumont Dallas (1978 à 1991)
50%
Angelica Nero Dallas (1978 à 1991)
50%
Kimberly Styles Cryde Dallas (1978 à 1991)
50%
Sylvia « Sly » Lovegren Dallas (1978 à 1991)
50%
Josh Brooks V (mini-série, 1983 + série 1984)
50%
Peter Richards Dallas (1978 à 1991)
42%
Dora Mae Dallas (1978 à 1991)
40%
Kristine Walsh V (mini-série, 1983 + série 1984)
35%
Teresa Dallas (1978 à 1991)
29%
Aucun quiz correspondant
Distribution des résultats
% des personnes avec chaque résultat
Percentile par nombre de réponses
Votre historique - résultats
Vous n’avez pas pris ce quiz